<?xml version="1.0" encoding="UTF-8"?>
<record
    xmlns:xsi="http://www.w3.org/2001/XMLSchema-instance"
    xsi:schemaLocation="http://www.loc.gov/MARC21/slim http://www.loc.gov/standards/marcxml/schema/MARC21slim.xsd"
    xmlns="http://www.loc.gov/MARC21/slim">

  <leader>00450    a2200145   4500</leader>
  <datafield tag="999" ind1=" " ind2=" ">
    <subfield code="c">241</subfield>
    <subfield code="d">241</subfield>
  </datafield>
  <controlfield tag="008">220322b           ||||| |||| 00| 0 eng d</controlfield>
  <datafield tag="020" ind1=" " ind2=" ">
    <subfield code="a">9780128045251</subfield>
  </datafield>
  <datafield tag="082" ind1="0" ind2="0">
    <subfield code="a">518.028553</subfield>
    <subfield code="b">A8836</subfield>
  </datafield>
  <datafield tag="100" ind1=" " ind2=" ">
    <subfield code="a">Attaway, Stormy</subfield>
  </datafield>
  <datafield tag="245" ind1=" " ind2=" ">
    <subfield code="a">MATLAB: a practical introduction to programming and problem solving /</subfield>
  </datafield>
  <datafield tag="260" ind1=" " ind2=" ">
    <subfield code="a">Oxford:</subfield>
    <subfield code="b">Butterworth-Heinnemann,</subfield>
    <subfield code="c">2017.</subfield>
  </datafield>
  <datafield tag="300" ind1=" " ind2=" ">
    <subfield code="a">xxii, 574 p.</subfield>
  </datafield>
  <datafield tag="650" ind1=" " ind2="0">
    <subfield code="a">Computer programming</subfield>
  </datafield>
  <datafield tag="942" ind1=" " ind2=" ">
    <subfield code="2">ddc</subfield>
    <subfield code="c">BK</subfield>
  </datafield>
  <datafield tag="952" ind1=" " ind2=" ">
    <subfield code="0">0</subfield>
    <subfield code="1">0</subfield>
    <subfield code="2">ddc</subfield>
    <subfield code="4">0</subfield>
    <subfield code="6">518_028553000000000_A8836</subfield>
    <subfield code="7">0</subfield>
    <subfield code="9">1038</subfield>
    <subfield code="a">CL</subfield>
    <subfield code="b">CL</subfield>
    <subfield code="d">2019-09-16</subfield>
    <subfield code="e">Sterling Book House</subfield>
    <subfield code="g">3110.27</subfield>
    <subfield code="o">518.028553 A8836</subfield>
    <subfield code="p">13183</subfield>
    <subfield code="r">2019-09-16</subfield>
    <subfield code="v">3887.84</subfield>
    <subfield code="y">BK</subfield>
  </datafield>
  <datafield tag="952" ind1=" " ind2=" ">
    <subfield code="0">0</subfield>
    <subfield code="1">0</subfield>
    <subfield code="2">ddc</subfield>
    <subfield code="4">0</subfield>
    <subfield code="6">518_028553000000000_A8836</subfield>
    <subfield code="7">0</subfield>
    <subfield code="9">1039</subfield>
    <subfield code="a">CL</subfield>
    <subfield code="b">CL</subfield>
    <subfield code="d">2019-09-16</subfield>
    <subfield code="e">Sterling Book House</subfield>
    <subfield code="g">3110.27</subfield>
    <subfield code="l">3</subfield>
    <subfield code="m">1</subfield>
    <subfield code="o">518.028553 A8836</subfield>
    <subfield code="p">13184</subfield>
    <subfield code="r">2025-08-08</subfield>
    <subfield code="s">2025-04-07</subfield>
    <subfield code="v">3887.84</subfield>
    <subfield code="y">BK</subfield>
  </datafield>
  <datafield tag="952" ind1=" " ind2=" ">
    <subfield code="0">0</subfield>
    <subfield code="1">0</subfield>
    <subfield code="2">ddc</subfield>
    <subfield code="4">0</subfield>
    <subfield code="6">518_028553000000000_A8836</subfield>
    <subfield code="7">0</subfield>
    <subfield code="9">1040</subfield>
    <subfield code="a">CL</subfield>
    <subfield code="b">CL</subfield>
    <subfield code="d">2019-09-16</subfield>
    <subfield code="e">Sterling Book House</subfield>
    <subfield code="g">3110.27</subfield>
    <subfield code="o">518.028553 A8836</subfield>
    <subfield code="p">13185</subfield>
    <subfield code="r">2019-09-16</subfield>
    <subfield code="v">3887.84</subfield>
    <subfield code="y">BK</subfield>
  </datafield>
  <datafield tag="952" ind1=" " ind2=" ">
    <subfield code="0">0</subfield>
    <subfield code="1">0</subfield>
    <subfield code="2">ddc</subfield>
    <subfield code="4">0</subfield>
    <subfield code="6">518_028553000000000_A8836</subfield>
    <subfield code="7">0</subfield>
    <subfield code="9">1041</subfield>
    <subfield code="a">CL</subfield>
    <subfield code="b">CL</subfield>
    <subfield code="d">2019-09-16</subfield>
    <subfield code="e">Sterling Book House</subfield>
    <subfield code="g">3110.27</subfield>
    <subfield code="o">518.028553 A8836</subfield>
    <subfield code="p">13186</subfield>
    <subfield code="r">2019-09-16</subfield>
    <subfield code="v">3887.84</subfield>
    <subfield code="y">BK</subfield>
  </datafield>
</record>
